Представление документа в формате MARC21

ПолеНазваниеЗначение
  Тип записи a
  Библиографический уровень m
001 Контрольный номер RU/URAIT/516085
003 Принадлежность контрольного номера https://urait.ru/bcode/516085
005 Дата корректировки 20230913130121.9
008 Кодируемые данные
020 Индекс ISBN __
a ISBN 978-5-534-06498-8
c Цена, тираж 1019.00
040 Источник каталогиз. __
a Служба первич. каталог. ИКО Юрайт
b Код языка каталог. rus
c Служба, преобразующая запись ИКО Юрайт
041 Код языка издания 0_
a Код языка текста rus
044 Код страны публикации __
a Код страны публикации RU
073 _1
a 9785534064988
d 1019.00
080 Индекс УДК __
a Индекс УДК 630(075.8)
084 Индекс другой классификации/Индекс ББК __
a Индекс другой классификации/Индекс ББК 43.4я73
2 Источник индекса rubbk
091 Индексы/ коды __
a Индекс ББК (DOS) 43.4я73
z rubbk
100 Автор 1_
a Автор Данченко А. М.
q Полное имя Анатолий Матвеевич
230 __
a Электрон. дан.
245 Заглавие 00
a Заглавие Лесные культуры
b Продолж. заглавия учебное пособие
c Ответственность А. М. Данченко, С. А. Кабанова, М. А. Данченко, Б. М. Муканов.
260 Выходные данные 1_
a Место издания Москва
b Издательство Юрайт
c Дата издания 2023
300 Физическое описание __
a Объем 235 с
440 Серия _0
a Серия Высшее образование
500 Примечания __
a Примечание URL: https://urait.ru/bcode/516085 (дата обращения: 13.09.2023).
520 Аннотация __
a Аннотация Рациональное использование лесного фонда, создание системы искусственного лесовозобновления являются актуальными задачами организации жизненной среды общества. Специалистам лесного хозяйства крайне необходимы знания о перспективных лесохозяйственных технологиях, умения и навыки их внедрения на обширных территориях, утративших свои естественные экологические свойства. Курс состоит из двух основных блоков — теоретического, в котором рассматриваются лесоводственные и экологические основы создания, выращивания, сохранения, защиты и использования лесных культур, и практического, где представлены технологические приемы создания устойчивых лесных культур различного функционального назначения, а также методы организации лесокультурных работ с применением новейших средств механизации производственных процессов.
538 Прим. о системных особенностях __
a Прим. о системных особенностях Режим доступа: Электронно-библиотечная система Юрайт, для авториз. пользователей
653 Ключевые слова 2_
a Ключевые слова Сельское хозяйство. Ветеринария. Лесное дело
653 Ключевые слова 2_
a Ключевые слова Естественные науки
653 Ключевые слова 2_
a Ключевые слова Лесные культуры
700 Другие авторы 1_
a Другие авторы Кабанова С. А.
q Полное имя Светлана Анатольевна
700 Другие авторы 1_
a Другие авторы Данченко М. А.
q Полное имя Матвей Анатольевич
700 Другие авторы 1_
a Другие авторы Муканов Б. М.
q Полное имя Болат Мажитович
856 Электронный адрес документа 40
n Местонахождение сервера Юрайт
g Электронная книга
q Тип электронного формата html
h Имя пользователя ЮРАЙТ
v Часы доступа к ресурсу 20251231
2 Способ доступа Показать документ
x Служебное примечание https://urait.ru/book/cover/60A1E520-AC3D-4F4B-9981-DBA1A3BCFA64
u URL https://urait.ru/bcode/516085
856 Электронный адрес документа 41
q Тип электронного формата cover
u URL https://urait.ru/book/cover/60A1E520-AC3D-4F4B-9981-DBA1A3BCFA64